Autant de fois que feville tremble au vent

Сохранить в:
Библиографические подробности
Главный автор: Vigneault, Gilles
Формат:
Язык:French
Опубликовано: Montreal, Canadá L´Arc 1982
Предметы:
Метки: Добавить метку
Нет меток, Требуется 1-ая метка записи!

MARC

LEADER 00000nam a2200000Ia 4500
008 170316s9999 xx 000 0 fre d
040 |a cru BVZT 
090 |a 818 V-4a 
100 |a Vigneault, Gilles 
245 |a Autant de fois que feville tremble au vent 
260 |a Montreal, Canadá 
260 |b L´Arc 
260 |c 1982 
300 |a 61páginas 
650 |a LITERATURA CANADIENSE 
999 |c 6672  |d 6672 
942 |c 15 D  |h 818 V-4a  |2 z